000 04138nam a22005657a 4500
003 dpl
005 20080605152718.0
008 080530t xxu||||| |||| 00| 0 eng d
020 _a8188148539
_c135.00
035 _aB-265994-266016
082 _aS
100 _aSasaki, Chris
245 _aThe adventures of Sherlock Holmes /
_cretold from the Arthur Conan Doyle original by Chris Sasaki; illustrated by Lucy Corvino
260 _aNew Delhi
_bDolphin Press
_c2006
260 _aNew Delhi
_bBlue Berry (Vender)
_c2006
270 _bNew Delhi
_aB-17, 2nd Floor, Lajpat Nagar, Part 2,
_e110024
300 _a151p.
_c20 cm (Hb)
_bill.
490 _aClassic starts
700 _aCorvino, Lucy
700 _aKeene, Carolyn
700 _aDixon, Franklin W.
700 _aDixon, Franklin W.
700 _aHenrique, Paulo
700 _aDixon, Franklin W.
942 _2ddc
_cCH
_hS
_mSAS
999 _c13326
_d13326